Govt. of
Madhya Pradesh

Master the Ncert for neet -jeeरसायन विज्ञान भाग -०-02ncert कक्षा -xll पर आधारित (Record no. 67098)

MARC details
000 -LEADER
fixed length control field 00596nam a22001577a 4500
003 - CONTROL NUMBER IDENTIFIER
control field macl
005 - DATE AND TIME OF LATEST TRANSACTION
control field 20241019124242.0
008 - FIXED-LENGTH DATA ELEMENTS--GENERAL INFORMATION
fixed length control field 241018b |||||||| |||| 00| 0 eng d
040 ## - CATALOGING SOURCE
Transcribing agency macl
082 ## - DEWEY DECIMAL CLASSIFICATION NUMBER
Classification number 540
100 ## - MAIN ENTRY--PERSONAL NAME
Personal name वर्मा ,डॉ ..आर के.
9 (RLIN) 82556
245 ## - TITLE STATEMENT
Title Master the Ncert for neet -jeeरसायन विज्ञान भाग -०-02ncert कक्षा -xll पर आधारित
260 ## - PUBLICATION, DISTRIBUTION, ETC. (IMPRINT)
Place of publication, distribution, etc. दिल्‍ली
Name of publisher, distributor, etc. अरिहन्‍त प्रकाशन
Date of publication, distribution, etc. 2024
650 ## - SUBJECT ADDED ENTRY--TOPICAL TERM
Topical term or geographic name as entry element रसायन विज्ञान
9 (RLIN) 51767
942 ## - ADDED ENTRY ELEMENTS (KOHA)
Source of classification or shelving scheme
Koha item type Competitive Books
Holdings
Withdrawn status Lost status Source of classification or shelving scheme Damaged status Not for loan Home library Current library Date acquired Cost, normal purchase price Total Checkouts Full call number Barcode Date last seen Date last checked out Price effective from Koha item type
          MACL MACL 18/10/2024 375.00 5 540 DPI002337 13/03/2026 11/03/2026 18/10/2024 Competitive Books